1226 1184 1224 1012 1664 1395 1217 1391 1573 1516 1718 1873 1419 1947 1001 1427 1204 1765 1586 1007 1670 1126 1339 1395 1945 1607 1595 1628 1704 1064 1081 1933 1102 1714 1473 1939 1124 1030 1583 1376 1337 1190 1462 1947 1392 1870 1503 1759 1499 1294 1194 1115 1298 1782 1572 1408 1140 1842 1416 1767 1800 1281 1439 1908 1512 1910 1434 1024 1170 1613 1965 1652 1619 1707 1282 1843 1110 1385 1162 1488 1494 1381 1423 1661 1212 1336 1294 1282 1481 1947 1462 1846 1913 1122 1524 1750 1007 1947 1537 BCNSPRNW ULIB Ver.6.0+V

เปลี่ยนเป็นภาษาไทย

Change to English
 แสดงรายละเอียดบรรณานุกรม
  กลับหน้าหลัก

Brief Record : Get Marc (ISO 2709) : E-mail record : QR code < ปิดหน้าต่าง
LEADER : 00000nam 2200000uu 4500
001    13399124306
003     ULIB
008    150302s2557||||th 000 0 tha d
020    ^a9786162234583
060    ^aWY49^bศ463ค
100    ^aศิริพร มงคลถาวรชัย
245    ^aคู่มือการพัฒนาระบบการพยาบาลเฉพาะทางและการปฏิบัติการพยาบาลขั้นสูง/^cศิริพร มงคลถาวรชัย
250    ^aพิมพ์ครั้งที่ 2
260    ^aขอนแก่น :^bคณะแพทยศาสตร์ มหาวิทยาลัยขอนแก่น,^c2557
300    ^a270 หน้า;^b21 ซม.
650    ^aพัฒนาระบบ^xการพยาบาลเฉพาะทาง
650    ^aการพยาบาลเฉพาะทาง^xคู่มือ
710    ^aมหาวิทยาลัยขอนแก่น.^bคณะแพทยศาสตร์.
945    ^p230^l0^i22926
945    ^p230^l0^i22927
945    ^p230^l0^i22928
945    ^p230^l0^i23226
945    ^p230^l0^i23227
945    ^p230^l0^i23228
945    ^p230^l0^i23229
945    ^p230^l0^i23230
999    ^aทศพร เกษรทอง
รายการนี้ยังไม่มีแท็ก
คุณยังไม่ได้ล็อกอิน คุณสามารถมีกิจกรรมร่วมกับเว็บไซต์ได้ แต่ต้องล็อกอินก่อน ::
  ล็อกอิน

รายการสื่อสารสนเทศ

ลำดับที่ ประเภท เลขเรียก/บาร์โค้ด สถานที่ สถานะ
1. Book การพยาบาล
Book การพยาบาล
สถานะ=หนังสือเก่า
WY49 ศ463ค ฉ.1 
  Barcode: 22926
ห้องสมุดวิทยาเขตนครสวรรค์
►ส่วนจัดเก็บหนังสือเก่า นว.
บนชั้น
  ขอยืม
2. Book การพยาบาล
Book การพยาบาล
สถานะ=หนังสือเก่า
WY49 ศ463ค ฉ.2 
  Barcode: 22927
ห้องสมุดวิทยาเขตนครสวรรค์
►ส่วนจัดเก็บหนังสือเก่า นว.
บนชั้น
  ขอยืม
3. Book การพยาบาล
Book การพยาบาล
สถานะ=หนังสือเก่า
WY49 ศ463ค ฉ.3 
  Barcode: 22928
ห้องสมุดวิทยาเขตนครสวรรค์
►ส่วนจัดเก็บหนังสือเก่า นว.
บนชั้น
  ขอยืม
4. Book การพยาบาล
Book การพยาบาล
สถานะ=หนังสือเก่า
WY49 ศ463ค ฉ.4 
  Barcode: 23226
ห้องสมุดวิทยาเขตนครสวรรค์
►ส่วนจัดเก็บหนังสือเก่า นว.
บนชั้น
  ขอยืม
5. Book การพยาบาล
Book การพยาบาล
สถานะ=หนังสือเก่า
WY49 ศ463ค ฉ.5 
  Barcode: 23227
ห้องสมุดวิทยาเขตนครสวรรค์
►ส่วนจัดเก็บหนังสือเก่า นว.
บนชั้น
  ขอยืม
6. Book การพยาบาล
Book การพยาบาล
สถานะ=หนังสือเก่า
WY49 ศ463ค ฉ.6 
  Barcode: 23228
ห้องสมุดวิทยาเขตนครสวรรค์
►ส่วนจัดเก็บหนังสือเก่า นว.
บนชั้น
  ขอยืม
7. Book การพยาบาล
Book การพยาบาล
สถานะ=หนังสือเก่า
WY49 ศ463ค ฉ.7 
  Barcode: 23229
ห้องสมุดวิทยาเขตนครสวรรค์
►ส่วนจัดเก็บหนังสือเก่า นว.
บนชั้น
  ขอยืม
8. Book การพยาบาล
Book การพยาบาล
สถานะ=หนังสือเก่า
WY49 ศ463ค ฉ.8 
  Barcode: 23230
ห้องสมุดวิทยาเขตนครสวรรค์
►ส่วนจัดเก็บหนังสือเก่า นว.
บนชั้น
  ขอยืม

รายการใกล้เคียง
    ผู้แต่ง [ศิริพร มงคลถาวรชัย]

BibComment


ยังไม่เคยถูกคอมเมนท์

คอมเมนท์ทรัพยากรรายการนี้
  คอมเมนท์: คู่มือการพัฒนาระ..


 Copyright 2026. Bcnsprnw @Library